[Event "April 9 Late 2024"]
[Site "Chess.com"]
[Date "2024.04.09"]
[Round "6"]
[White "Fiorito, Joaquin"]
[Black "Danila Poliannikov"]
[Result "1-0"]
[Board "76"]
[WhiteFideId "180173"]
[BlackFideId "30935245"]
[WhiteTitle "IM"]
[BlackTitle "FM"]
[WhiteElo "2722"]
[BlackElo "2511"]
[WhiteTeam "ARG"]
[BlackTeam "USA"]
[WhiteClock "0:01:56"]
[BlackClock "0:00:43"]
[Variant "Standard"]

1. d4 {[%clk 0:03:00]}  Nf6 {[%clk 0:03:00]} 2. c4 {[%clk 0:03:01]}  e6 {[%clk 0:03:00]} 3. Nc3 {[%clk 0:03:01]}  c5 {[%clk 0:03:00]} 4. d5 {[%clk 0:03:01]}  exd5 {[%clk 0:03:01]} 5. cxd5 {[%clk 0:03:02]}  d6 {[%clk 0:03:02]} 6. e4 {[%clk 0:03:03]}  g6 {[%clk 0:03:03]} 7. f4 {[%clk 0:03:03]}  Bg7 {[%clk 0:03:03]} 8. Bb5+ {[%clk 0:03:04]}  Nbd7 {[%clk 0:03:03]} 9. e5 {[%clk 0:03:03]}  dxe5 {[%clk 0:03:04]} 10. fxe5 {[%clk 0:03:03]}  Nh5 {[%clk 0:03:05]} 11. Nf3 {[%clk 0:02:59]}  O-O {[%clk 0:03:04]} 12. Bg5 {[%clk 0:02:30]}  Qa5 {[%clk 0:02:59]} 13. Bxd7 {[%clk 0:02:29]}  Bxd7 {[%clk 0:02:58]} 14. O-O {[%clk 0:02:30]}  Bg4 {[%clk 0:02:49]} 15. d6 {[%clk 0:02:23]}  Bxf3 {[%clk 0:02:37]} 16. Qxf3 {[%clk 0:02:24]}  Bxe5 {[%clk 0:02:37]} 17. Be7 {[%clk 0:02:23]}  Bd4+ {[%clk 0:02:10]} 18. Kh1 {[%clk 0:02:22]}  Rae8 {[%clk 0:01:40]} 19. Bxf8 {[%clk 0:02:16]}  Rxf8 {[%clk 0:01:38]} 20. Rae1 {[%clk 0:02:14]}  Qb6 {[%clk 0:01:30]} 21. Re7 {[%clk 0:02:07]}  Qxd6 {[%clk 0:01:16]} 22. Rxf7 {[%clk 0:02:04]}  Re8 {[%clk 0:00:57]} 23. Ne4 {[%clk 0:01:59]}  Qe5 {[%clk 0:00:48]} 24. Rf8+ {[%clk 0:01:56]}  Kg7 {[%clk 0:00:43]} 25. Qf7+ {[%clk 0:01:56]} 1-0

[Event "April 9 Late 2024"]
[Site "Chess.com"]
[Date "2024.04.09"]
[Round "6"]
[White "Munoz, Miguel"]
[Black "Rangel, Daniel"]
[Result "1-0"]
[Board "79"]
[WhiteFideId "3800229"]
[BlackFideId "2124475"]
[WhiteTitle "GM"]
[BlackTitle "FM"]
[WhiteElo "2654"]
[BlackElo "2477"]
[WhiteTeam "PER"]
[BlackTeam "BRA"]
[WhiteClock "0:01:56"]
[BlackClock "0:01:42"]
[Variant "Standard"]

1. e4 {[%clk 0:03:00]}  c5 {[%clk 0:02:57]} 2. g3 {[%clk 0:02:59]}  g6 {[%clk 0:02:57]} 3. Bg2 {[%clk 0:02:59]}  Bg7 {[%clk 0:02:56]} 4. Ne2 {[%clk 0:02:57]}  Nc6 {[%clk 0:02:56]} 5. c3 {[%clk 0:02:57]}  Nf6 {[%clk 0:02:54]} 6. d4 {[%clk 0:02:55]}  cxd4 {[%clk 0:02:55]} 7. cxd4 {[%clk 0:02:54]}  O-O {[%clk 0:02:52]} 8. O-O {[%clk 0:02:44]}  d5 {[%clk 0:02:40]} 9. e5 {[%clk 0:02:44]}  Ne8 {[%clk 0:02:40]} 10. Nbc3 {[%clk 0:02:42]}  Nc7 {[%clk 0:02:38]} 11. Be3 {[%clk 0:02:39]}  b5 {[%clk 0:02:32]} 12. Rc1 {[%clk 0:02:38]}  Bb7 {[%clk 0:02:32]} 13. Qd2 {[%clk 0:02:33]}  a5 {[%clk 0:02:31]} 14. f4 {[%clk 0:02:29]}  e6 {[%clk 0:02:28]} 15. g4 {[%clk 0:02:28]}  a4 {[%clk 0:02:21]} 16. f5 {[%clk 0:02:27]}  b4 {[%clk 0:02:20]} 17. Nd1 {[%clk 0:02:21]}  exf5 {[%clk 0:02:06]} 18. gxf5 {[%clk 0:02:20]}  gxf5 {[%clk 0:02:07]} 19. Bh6 {[%clk 0:02:14]}  Ne6 {[%clk 0:01:57]} 20. Bxg7 {[%clk 0:02:08]}  Kxg7 {[%clk 0:01:58]} 21. Ne3 {[%clk 0:02:06]}  Ne7 {[%clk 0:01:55]} 22. Qxb4 {[%clk 0:01:58]}  Rb8 {[%clk 0:01:42]} 23. Qxe7 {[%clk 0:01:56]} 1-0

[Event "April 9 Late 2024"]
[Site "Chess.com"]
[Date "2024.04.10"]
[Round "6"]
[White "Kleibel, Uwe"]
[Black "Reyes Zavaleta, Fabian Ricardo"]
[Result "1/2-1/2"]
[Board "80"]
[WhiteFideId "1270982"]
[BlackFideId "3844153"]
[WhiteTitle "FM"]
[BlackTitle "FM"]
[WhiteElo "2447"]
[BlackElo "2651"]
[WhiteTeam "GER"]
[BlackTeam "PER"]
[WhiteClock "0:01:30"]
[BlackClock "0:00:40"]
[Variant "Standard"]

1. e4 {[%clk 0:03:00]}  c5 {[%clk 0:02:59]} 2. Nf3 {[%clk 0:03:00]}  d6 {[%clk 0:02:59]} 3. d4 {[%clk 0:03:01]}  cxd4 {[%clk 0:03:00]} 4. Qxd4 {[%clk 0:03:01]}  Nc6 {[%clk 0:03:00]} 5. Qe3 {[%clk 0:03:02]}  Nf6 {[%clk 0:02:59]} 6. h3 {[%clk 0:03:02]}  g6 {[%clk 0:02:59]} 7. Be2 {[%clk 0:03:03]}  Bg7 {[%clk 0:02:59]} 8. O-O {[%clk 0:03:04]}  O-O {[%clk 0:02:59]} 9. Rd1 {[%clk 0:03:04]}  Qb6 {[%clk 0:02:56]} 10. Qxb6 {[%clk 0:03:00]}  axb6 {[%clk 0:02:57]} 11. Nc3 {[%clk 0:03:00]}  Be6 {[%clk 0:02:44]} 12. Be3 {[%clk 0:02:59]}  Nd7 {[%clk 0:02:39]} 13. a3 {[%clk 0:02:58]}  h6 {[%clk 0:02:38]} 14. Nd4 {[%clk 0:02:53]}  Nxd4 {[%clk 0:02:35]} 15. Bxd4 {[%clk 0:02:54]}  Rfc8 {[%clk 0:02:35]} 16. Bb5 {[%clk 0:02:48]}  Bxd4 {[%clk 0:02:12]} 17. Rxd4 {[%clk 0:02:48]}  Ne5 {[%clk 0:02:12]} 18. f4 {[%clk 0:02:44]}  Nc4 {[%clk 0:01:58]} 19. Bxc4 {[%clk 0:02:42]}  Bxc4 {[%clk 0:01:59]} 20. Rad1 {[%clk 0:02:30]}  Kg7 {[%clk 0:01:53]} 21. R1d2 {[%clk 0:02:25]}  Ra5 {[%clk 0:01:49]} 22. a4 {[%clk 0:02:21]}  h5 {[%clk 0:01:20]} 23. g3 {[%clk 0:02:17]}  Be6 {[%clk 0:01:17]} 24. Kg2 {[%clk 0:02:15]}  Bd7 {[%clk 0:01:09]} 25. h4 {[%clk 0:02:06]}  b5 {[%clk 0:01:06]} 26. b4 {[%clk 0:01:56]}  Raa8 {[%clk 0:01:05]} 27. Nxb5 {[%clk 0:01:56]}  Bxb5 {[%clk 0:01:05]} 28. axb5 {[%clk 0:01:57]}  Ra2 {[%clk 0:01:05]} 29. e5 {[%clk 0:01:52]}  Rcxc2 {[%clk 0:00:59]} 30. Rxc2 {[%clk 0:01:50]}  Rxc2+ {[%clk 0:01:00]} 31. Kf3 {[%clk 0:01:51]}  dxe5 {[%clk 0:00:58]} 32. fxe5 {[%clk 0:01:52]}  Rb2 {[%clk 0:00:49]} 33. Rd7 {[%clk 0:01:48]}  Rxb4 {[%clk 0:00:48]} 34. Rxb7 {[%clk 0:01:49]}  e6 {[%clk 0:00:44]} 35. Rb8 {[%clk 0:01:45]}  Rb3+ {[%clk 0:00:43]} 36. Kf4 {[%clk 0:01:45]}  Rb4+ {[%clk 0:00:43]} 37. Kf3 {[%clk 0:01:46]}  Rb3+ {[%clk 0:00:43]} 38. Kf4 {[%clk 0:01:40]}  Rb4+ {[%clk 0:00:40]} 39. Kf3 {[%clk 0:01:30]} 1/2-1/2

[Event "April 9 Late 2024"]
[Site "Chess.com"]
[Date "2024.04.09"]
[Round "6"]
[White "Arias, Juan Cruz"]
[Black "Mazurkiewicz, Michal"]
[Result "0-1"]
[Board "82"]
[WhiteFideId "118540"]
[BlackFideId "1124943"]
[WhiteTitle "FM"]
[BlackTitle "CM"]
[WhiteElo "2623"]
[BlackElo "2440"]
[WhiteTeam "ARG"]
[BlackTeam "POL"]
[WhiteClock "0:00:48"]
[BlackClock "0:00:04"]
[Variant "Standard"]

1. d4 {[%clk 0:03:00]}  Nf6 {[%clk 0:02:59]} 2. c4 {[%clk 0:03:00]}  e5 {[%clk 0:03:00]} 3. e3 {[%clk 0:03:00]}  Bb4+ {[%clk 0:02:57]} 4. Nc3 {[%clk 0:02:58]}  Bxc3+ {[%clk 0:02:57]} 5. bxc3 {[%clk 0:02:58]}  d6 {[%clk 0:02:56]} 6. Nf3 {[%clk 0:02:55]}  Nbd7 {[%clk 0:02:55]} 7. c5 {[%clk 0:02:50]}  exd4 {[%clk 0:02:38]} 8. cxd4 {[%clk 0:02:43]}  dxc5 {[%clk 0:02:38]} 9. Bc4 {[%clk 0:02:41]}  O-O {[%clk 0:02:35]} 10. O-O {[%clk 0:02:41]}  cxd4 {[%clk 0:02:35]} 11. Ba3 {[%clk 0:02:41]}  c5 {[%clk 0:02:08]} 12. exd4 {[%clk 0:02:40]}  Qa5 {[%clk 0:02:08]} 13. Qb3 {[%clk 0:02:35]}  a6 {[%clk 0:01:58]} 14. Ng5 {[%clk 0:02:29]}  b5 {[%clk 0:01:42]} 15. Bxf7+ {[%clk 0:02:28]}  Kh8 {[%clk 0:01:42]} 16. dxc5 {[%clk 0:02:28]}  h6 {[%clk 0:01:37]} 17. Bg6 {[%clk 0:02:16]}  hxg5 {[%clk 0:01:22]} 18. Qh3+ {[%clk 0:02:15]}  Kg8 {[%clk 0:01:22]} 19. Qb3+ {[%clk 0:01:58]}  Kh8 {[%clk 0:01:19]} 20. c6 {[%clk 0:01:55]}  Ne5 {[%clk 0:01:05]} 21. Bxf8 {[%clk 0:01:43]}  Nxg6 {[%clk 0:01:05]} 22. Bb4 {[%clk 0:01:42]}  Qc7 {[%clk 0:00:58]} 23. Rac1 {[%clk 0:01:42]}  Ng4 {[%clk 0:00:30]} 24. Qh3+ {[%clk 0:01:41]}  Kg8 {[%clk 0:00:11]} 25. Rfe1 {[%clk 0:01:40]}  Nf4 {[%clk 0:00:03]} 26. Re8+ {[%clk 0:01:37]}  Kf7 {[%clk 0:00:03]} 27. Rf8+ {[%clk 0:01:26]}  Kg6 {[%clk 0:00:03]} 28. Qb3 {[%clk 0:00:55]}  Ne2+ {[%clk 0:00:03]} 29. Kf1 {[%clk 0:00:56]}  Nxc1 {[%clk 0:00:04]} 30. Qf7+ {[%clk 0:00:48]}  Qxf7 {[%clk 0:00:04]} 0-1

[Event "April 9 Late 2024"]
[Site "Chess.com"]
[Date "2024.04.09"]
[Round "6"]
[White "Spitzl, Vinzent"]
[Black "Padalka, Artem"]
[Result "0-1"]
[Board "86"]
[WhiteFideId "12901253"]
[BlackFideId "14118637"]
[WhiteTitle "FM"]
[BlackTitle "CM"]
[WhiteElo "2520"]
[BlackElo "2327"]
[WhiteTeam "GER"]
[BlackTeam "POL"]
[WhiteClock "0:00:00"]
[BlackClock "0:00:08"]
[Variant "Standard"]

1. d4 {[%clk 0:03:00]}  Nf6 {[%clk 0:02:59]} 2. c4 {[%clk 0:03:00]}  c5 {[%clk 0:02:59]} 3. e3 {[%clk 0:02:56]}  g6 {[%clk 0:02:58]} 4. Nc3 {[%clk 0:02:43]}  Bg7 {[%clk 0:02:59]} 5. Nf3 {[%clk 0:02:42]}  O-O {[%clk 0:03:00]} 6. d5 {[%clk 0:02:41]}  d6 {[%clk 0:02:58]} 7. Be2 {[%clk 0:02:41]}  e6 {[%clk 0:02:55]} 8. e4 {[%clk 0:02:37]}  exd5 {[%clk 0:02:55]} 9. exd5 {[%clk 0:02:36]}  Bg4 {[%clk 0:02:52]} 10. O-O {[%clk 0:02:36]}  Bxf3 {[%clk 0:02:52]} 11. Bxf3 {[%clk 0:02:35]}  Nbd7 {[%clk 0:02:52]} 12. Bf4 {[%clk 0:02:33]}  Ne8 {[%clk 0:02:40]} 13. Qd2 {[%clk 0:02:29]}  Ne5 {[%clk 0:02:40]} 14. Be2 {[%clk 0:02:28]}  f5 {[%clk 0:02:32]} 15. Bg5 {[%clk 0:02:21]}  Nf6 {[%clk 0:02:29]} 16. f4 {[%clk 0:02:20]}  Nf7 {[%clk 0:02:16]} 17. Bh4 {[%clk 0:02:18]}  a6 {[%clk 0:02:08]} 18. a4 {[%clk 0:02:16]}  Qa5 {[%clk 0:01:59]} 19. Bd3 {[%clk 0:02:14]}  Qb4 {[%clk 0:01:54]} 20. Rae1 {[%clk 0:02:10]}  Rfe8 {[%clk 0:01:50]} 21. Re6 {[%clk 0:02:10]}  Ne4 {[%clk 0:01:46]} 22. Nxe4 {[%clk 0:02:03]}  fxe4 {[%clk 0:01:43]} 23. Qxb4 {[%clk 0:02:03]}  cxb4 {[%clk 0:01:43]} 24. Bxe4 {[%clk 0:01:54]}  Bxb2 {[%clk 0:01:42]} 25. Kf2 {[%clk 0:01:23]}  Rac8 {[%clk 0:01:33]} 26. Bd3 {[%clk 0:01:21]}  Bd4+ {[%clk 0:01:22]} 27. Kf3 {[%clk 0:01:19]}  Rf8 {[%clk 0:01:08]} 28. Ke4 {[%clk 0:01:14]}  Bc3 {[%clk 0:00:58]} 29. g4 {[%clk 0:01:00]}  g5 {[%clk 0:00:53]} 30. fxg5 {[%clk 0:00:44]}  Ne5 {[%clk 0:00:50]} 31. Rxf8+ {[%clk 0:00:32]}  Rxf8 {[%clk 0:00:46]} 32. Rxd6 {[%clk 0:00:33]}  b3 {[%clk 0:00:22]} 33. Bg3 {[%clk 0:00:26]}  Nxd3 {[%clk 0:00:17]} 34. Kxd3 {[%clk 0:00:27]}  b2 {[%clk 0:00:18]} 35. Rb6 {[%clk 0:00:27]}  Bg7 {[%clk 0:00:13]} 36. d6 {[%clk 0:00:24]}  Rf1 {[%clk 0:00:13]} 37. Kc2 {[%clk 0:00:24]}  Kf7 {[%clk 0:00:10]} 38. Rxb7+ {[%clk 0:00:16]}  Ke8 {[%clk 0:00:10]} 39. d7+ {[%clk 0:00:03]}  Kd8 {[%clk 0:00:09]} 40. Bc7+ {[%clk 0:00:03]}  Kxd7 {[%clk 0:00:09]} 41. Be5+ {[%clk 0:00:03]}  Kc8 {[%clk 0:00:08]} 42. Rc7+ {[%clk 0:00:03]}  Kd8 {[%clk 0:00:08]} 43. Bxg7 {[%clk 0:00:02]}  b1=Q+ {[%clk 0:00:08]} 44. Kc3 {[%clk 0:00:03]}  Kxc7 {[%clk 0:00:08]} 45. Be5+ {[%clk 0:00:02]}  Kd7 {[%clk 0:00:09]} 46. Kd4 {[%clk 0:00:03]}  Rd1+ {[%clk 0:00:09]} 47. Kc5 {[%clk 0:00:03]}  Qe4 {[%clk 0:00:08]} 48. Kb6 {[%clk 0:00:00]}  Qc6+ {[%clk 0:00:08]} 0-1

[Event "April 9 Late 2024"]
[Site "Chess.com"]
[Date "2024.04.09"]
[Round "6"]
[White "Bold, Andre"]
[Black "Janaszak, Dawid"]
[Result "0-1"]
[Board "91"]
[WhiteFideId "16208471"]
[BlackFideId "1119206"]
[WhiteTitle "CM"]
[BlackTitle "FM"]
[WhiteElo "2435"]
[BlackElo "2626"]
[WhiteTeam "GER"]
[BlackTeam "POL"]
[WhiteClock "0:00:05"]
[BlackClock "0:00:35"]
[Variant "Standard"]

1. e4 {[%clk 0:03:00]}  c5 {[%clk 0:02:58]} 2. Nf3 {[%clk 0:03:00]}  Nc6 {[%clk 0:02:58]} 3. d4 {[%clk 0:02:59]}  cxd4 {[%clk 0:02:57]} 4. Nxd4 {[%clk 0:03:00]}  g6 {[%clk 0:02:57]} 5. c4 {[%clk 0:02:57]}  Bh6 {[%clk 0:02:57]} 6. Nc3 {[%clk 0:02:45]}  d6 {[%clk 0:02:52]} 7. Be2 {[%clk 0:02:42]}  Bxc1 {[%clk 0:02:46]} 8. Rxc1 {[%clk 0:02:42]}  Nf6 {[%clk 0:02:47]} 9. O-O {[%clk 0:02:39]}  O-O {[%clk 0:02:46]} 10. b3 {[%clk 0:02:38]}  Be6 {[%clk 0:02:42]} 11. Kh1 {[%clk 0:02:33]}  Qb6 {[%clk 0:02:37]} 12. Nxe6 {[%clk 0:02:26]}  fxe6 {[%clk 0:02:37]} 13. f4 {[%clk 0:02:21]}  Qa5 {[%clk 0:02:35]} 14. Qd3 {[%clk 0:02:14]}  Rad8 {[%clk 0:02:31]} 15. Qg3 {[%clk 0:02:07]}  Nd4 {[%clk 0:02:23]} 16. Bg4 {[%clk 0:01:59]}  e5 {[%clk 0:02:08]} 17. f5 {[%clk 0:01:56]}  Kg7 {[%clk 0:02:06]} 18. Bh3 {[%clk 0:01:37]}  Rg8 {[%clk 0:01:55]} 19. fxg6 {[%clk 0:01:35]}  hxg6 {[%clk 0:01:53]} 20. Qe3 {[%clk 0:01:20]}  Rh8 {[%clk 0:01:48]} 21. Nd5 {[%clk 0:01:16]}  Nxd5 {[%clk 0:01:36]} 22. cxd5 {[%clk 0:01:12]}  Rdf8 {[%clk 0:01:32]} 23. Qg5 {[%clk 0:01:00]}  Rf6 {[%clk 0:01:16]} 24. Qg4 {[%clk 0:00:31]}  Rhf8 {[%clk 0:01:05]} 25. Rxf6 {[%clk 0:00:30]}  Rxf6 {[%clk 0:01:05]} 26. Qd7 {[%clk 0:00:27]}  Qd2 {[%clk 0:00:47]} 27. Ra1 {[%clk 0:00:13]}  Qc3 {[%clk 0:00:43]} 28. Rd1 {[%clk 0:00:11]}  Qd3 {[%clk 0:00:36]} 29. Ra1 {[%clk 0:00:05]}  Qf1+ {[%clk 0:00:35]} 0-1

[Event "April 9 Late 2024"]
[Site "Chess.com"]
[Date "2024.04.10"]
[Round "6"]
[White "Temirlan Baltabaev"]
[Black "Hubbard, Andrew"]
[Result "1-0"]
[Board "92"]
[WhiteFideId "4112172"]
[BlackFideId "2031787"]
[WhiteTitle "FM"]
[BlackTitle "FM"]
[WhiteElo "2610"]
[BlackElo "2430"]
[WhiteTeam "RUS"]
[BlackTeam "USA"]
[WhiteClock "0:00:57"]
[BlackClock "0:00:00"]
[Variant "Standard"]

1. d4 {[%clk 0:02:57]}  Nf6 {[%clk 0:02:59]} 2. c4 {[%clk 0:02:57]}  e6 {[%clk 0:02:59]} 3. Nf3 {[%clk 0:02:57]}  b6 {[%clk 0:02:59]} 4. g3 {[%clk 0:02:57]}  Ba6 {[%clk 0:02:59]} 5. b3 {[%clk 0:02:57]}  Bb4+ {[%clk 0:02:59]} 6. Bd2 {[%clk 0:02:57]}  Be7 {[%clk 0:03:00]} 7. Bg2 {[%clk 0:02:57]}  c6 {[%clk 0:02:59]} 8. O-O {[%clk 0:02:58]}  d5 {[%clk 0:02:59]} 9. Ne5 {[%clk 0:02:57]}  Nfd7 {[%clk 0:02:59]} 10. Qc2 {[%clk 0:02:51]}  Nxe5 {[%clk 0:02:54]} 11. dxe5 {[%clk 0:02:51]}  dxc4 {[%clk 0:02:43]} 12. bxc4 {[%clk 0:02:50]}  Qd4 {[%clk 0:02:41]} 13. Bc3 {[%clk 0:02:40]}  Qxc4 {[%clk 0:02:39]} 14. Nd2 {[%clk 0:02:34]}  Qxe2 {[%clk 0:02:32]} 15. Rfe1 {[%clk 0:02:27]}  Qd3 {[%clk 0:02:31]} 16. Qb2 {[%clk 0:02:26]}  O-O {[%clk 0:02:19]} 17. Rad1 {[%clk 0:02:22]}  Qd7 {[%clk 0:02:06]} 18. Ne4 {[%clk 0:02:19]}  Qc7 {[%clk 0:02:05]} 19. Nd6 {[%clk 0:02:19]}  Nd7 {[%clk 0:01:48]} 20. h4 {[%clk 0:02:14]}  f6 {[%clk 0:01:34]} 21. exf6 {[%clk 0:01:59]}  Bxd6 {[%clk 0:01:26]} 22. fxg7 {[%clk 0:01:51]}  Rf7 {[%clk 0:01:17]} 23. Bh3 {[%clk 0:01:46]}  Bc5 {[%clk 0:01:03]} 24. Bd4 {[%clk 0:01:37]}  Bxd4 {[%clk 0:01:02]} 25. Qxd4 {[%clk 0:01:36]}  Rxg7 {[%clk 0:01:00]} 26. Bxe6+ {[%clk 0:01:35]}  Kh8 {[%clk 0:00:59]} 27. Bxd7 {[%clk 0:01:35]}  c5 {[%clk 0:00:25]} 28. Qf6 {[%clk 0:01:29]}  Rg8 {[%clk 0:00:12]} 29. h5 {[%clk 0:01:22]}  Qd8 {[%clk 0:00:08]} 30. Qxd8 {[%clk 0:01:04]}  Rxd8 {[%clk 0:00:08]} 31. Re8+ {[%clk 0:01:02]}  Rxe8 {[%clk 0:00:08]} 32. Bxe8 {[%clk 0:01:02]}  Bb7 {[%clk 0:00:08]} 33. h6 {[%clk 0:00:59]}  Re7 {[%clk 0:00:00]} 34. Bh5 {[%clk 0:00:57]} 1-0

[Event "April 9 Late 2024"]
[Site "Chess.com"]
[Date "2024.04.09"]
[Round "6"]
[White "Chassard, Cedric"]
[Black "Silva, Miguel Antonio Neto"]
[Result "0-1"]
[Board "95"]
[WhiteFideId "16243536"]
[BlackFideId "1911929"]
[WhiteTitle "FM"]
[WhiteElo "2416"]
[BlackElo "2573"]
[WhiteTeam "GER"]
[BlackTeam "POR"]
[WhiteClock "0:00:09"]
[BlackClock "0:00:20"]
[Variant "Standard"]

1. e4 {[%clk 0:03:00]}  c5 {[%clk 0:02:59]} 2. Nf3 {[%clk 0:02:58]}  e6 {[%clk 0:02:59]} 3. g3 {[%clk 0:02:54]}  Nc6 {[%clk 0:02:58]} 4. Bg2 {[%clk 0:02:54]}  Nf6 {[%clk 0:02:57]} 5. d3 {[%clk 0:02:36]}  Be7 {[%clk 0:02:57]} 6. O-O {[%clk 0:02:35]}  d5 {[%clk 0:02:57]} 7. e5 {[%clk 0:02:35]}  Nd7 {[%clk 0:02:58]} 8. Re1 {[%clk 0:02:32]}  Qc7 {[%clk 0:02:54]} 9. Bf4 {[%clk 0:02:31]}  b5 {[%clk 0:02:53]} 10. h4 {[%clk 0:02:31]}  a5 {[%clk 0:02:48]} 11. Nbd2 {[%clk 0:02:31]}  h6 {[%clk 0:02:18]} 12. h5 {[%clk 0:02:29]}  Ba6 {[%clk 0:02:13]} 13. Nf1 {[%clk 0:02:29]}  b4 {[%clk 0:02:07]} 14. N1h2 {[%clk 0:02:29]}  a4 {[%clk 0:02:03]} 15. Qd2 {[%clk 0:02:29]}  c4 {[%clk 0:02:00]} 16. dxc4 {[%clk 0:02:02]}  Bxc4 {[%clk 0:01:59]} 17. Ng4 {[%clk 0:02:00]}  Bb5 {[%clk 0:01:57]} 18. Kh2 {[%clk 0:01:14]}  a3 {[%clk 0:01:52]} 19. b3 {[%clk 0:01:14]}  Nc5 {[%clk 0:01:43]} 20. Nd4 {[%clk 0:01:12]}  Nxd4 {[%clk 0:01:42]} 21. Qxd4 {[%clk 0:01:11]}  Rb8 {[%clk 0:01:27]} 22. Rac1 {[%clk 0:00:57]}  Na6 {[%clk 0:01:04]} 23. Qd2 {[%clk 0:00:34]}  Qc3 {[%clk 0:01:00]} 24. Red1 {[%clk 0:00:29]}  Rc8 {[%clk 0:00:55]} 25. Be3 {[%clk 0:00:25]}  Qxd2 {[%clk 0:00:54]} 26. Rxd2 {[%clk 0:00:25]}  Bc5 {[%clk 0:00:53]} 27. Bxc5 {[%clk 0:00:25]}  Rxc5 {[%clk 0:00:53]} 28. f4 {[%clk 0:00:21]}  O-O {[%clk 0:00:53]} 29. Bf1 {[%clk 0:00:22]}  Bxf1 {[%clk 0:00:52]} 30. Rxf1 {[%clk 0:00:22]}  Rfc8 {[%clk 0:00:51]} 31. Rff2 {[%clk 0:00:21]}  Nc7 {[%clk 0:00:50]} 32. Rd4 {[%clk 0:00:16]}  Na6 {[%clk 0:00:47]} 33. Ne3 {[%clk 0:00:15]}  Rc3 {[%clk 0:00:46]} 34. Re2 {[%clk 0:00:14]}  g6 {[%clk 0:00:39]} 35. g4 {[%clk 0:00:13]}  gxh5 {[%clk 0:00:38]} 36. gxh5 {[%clk 0:00:12]}  Kf8 {[%clk 0:00:39]} 37. Kg2 {[%clk 0:00:12]}  Ke7 {[%clk 0:00:39]} 38. Kf3 {[%clk 0:00:11]}  Rg8 {[%clk 0:00:39]} 39. Rf2 {[%clk 0:00:07]}  Rg1 {[%clk 0:00:35]} 40. Ke2 {[%clk 0:00:07]}  Rg3 {[%clk 0:00:32]} 41. Rd3 {[%clk 0:00:05]}  Rxd3 {[%clk 0:00:27]} 42. cxd3 {[%clk 0:00:06]}  Nc5 {[%clk 0:00:27]} 43. Rf1 {[%clk 0:00:04]}  d4 {[%clk 0:00:25]} 44. Nc2 {[%clk 0:00:02]}  Rxd3 {[%clk 0:00:23]} 45. Rd1 {[%clk 0:00:02]}  Rxd1 {[%clk 0:00:21]} 46. Kxd1 {[%clk 0:00:03]}  Nd3 {[%clk 0:00:19]} 47. Nxd4 {[%clk 0:00:03]}  Nxf4 {[%clk 0:00:19]} 48. Nc6+ {[%clk 0:00:04]}  Kd7 {[%clk 0:00:18]} 49. Nxb4 {[%clk 0:00:04]}  Nd5 {[%clk 0:00:18]} 50. Nxd5 {[%clk 0:00:04]}  exd5 {[%clk 0:00:19]} 51. Kd2 {[%clk 0:00:05]}  Ke6 {[%clk 0:00:20]} 52. b4 {[%clk 0:00:05]}  Kxe5 {[%clk 0:00:21]} 53. Kd3 {[%clk 0:00:05]}  f5 {[%clk 0:00:21]} 54. b5 {[%clk 0:00:05]}  Kd6 {[%clk 0:00:21]} 55. Kd4 {[%clk 0:00:05]}  f4 {[%clk 0:00:21]} 56. Kd3 {[%clk 0:00:06]}  Kc5 {[%clk 0:00:21]} 57. b6 {[%clk 0:00:06]}  Kxb6 {[%clk 0:00:21]} 58. Kd4 {[%clk 0:00:07]}  Kc6 {[%clk 0:00:21]} 59. Kd3 {[%clk 0:00:08]}  Kc5 {[%clk 0:00:21]} 60. Kc3 {[%clk 0:00:09]}  d4+ {[%clk 0:00:20]} 0-1

[Event "April 9 Late 2024"]
[Site "Chess.com"]
[Date "2024.04.09"]
[Round "6"]
[White "Bilan, Danila"]
[Black "Torres, Yelfry"]
[Result "0-1"]
[Board "96"]
[WhiteFideId "24161918"]
[BlackFideId "6401066"]
[WhiteTitle "FM"]
[WhiteElo "2571"]
[BlackElo "2415"]
[WhiteTeam "RUS"]
[BlackTeam "DOM"]
[WhiteClock "0:00:58"]
[BlackClock "0:01:51"]
[Variant "Standard"]

1. d4 {[%clk 0:03:00]}  d6 {[%clk 0:02:59]} 2. Nf3 {[%clk 0:03:00]}  Nf6 {[%clk 0:02:57]} 3. g3 {[%clk 0:03:00]}  Nbd7 {[%clk 0:02:57]} 4. Bg2 {[%clk 0:03:00]}  e5 {[%clk 0:02:58]} 5. O-O {[%clk 0:03:01]}  Be7 {[%clk 0:02:58]} 6. c4 {[%clk 0:03:01]}  O-O {[%clk 0:02:59]} 7. Nc3 {[%clk 0:03:01]}  c6 {[%clk 0:02:58]} 8. Qc2 {[%clk 0:03:00]}  a6 {[%clk 0:02:58]} 9. b3 {[%clk 0:02:59]}  Re8 {[%clk 0:02:57]} 10. Re1 {[%clk 0:02:56]}  h6 {[%clk 0:02:56]} 11. dxe5 {[%clk 0:02:43]}  dxe5 {[%clk 0:02:54]} 12. Nh4 {[%clk 0:02:42]}  Nc5 {[%clk 0:02:42]} 13. Nf5 {[%clk 0:02:35]}  Bf8 {[%clk 0:02:42]} 14. h3 {[%clk 0:02:17]}  a5 {[%clk 0:02:28]} 15. Be3 {[%clk 0:01:57]}  Qc7 {[%clk 0:02:27]} 16. Rad1 {[%clk 0:01:50]}  e4 {[%clk 0:02:01]} 17. Bxc5 {[%clk 0:01:16]}  Bxc5 {[%clk 0:02:00]} 18. Nxe4 {[%clk 0:01:17]}  Nxe4 {[%clk 0:01:56]} 19. Bxe4 {[%clk 0:01:03]}  Bxf5 {[%clk 0:01:51]} 20. e3 {[%clk 0:00:58]} 0-1

[Event "April 9 Late 2024"]
[Site "Chess.com"]
[Date "2024.04.09"]
[Round "6"]
[White "Crispin Ferreras, Darvi Abraham"]
[Black "Ladan, Nicholas"]
[Result "1-0"]
[Board "98"]
[WhiteFideId "6402771"]
[BlackFideId "30918855"]
[WhiteTitle "CM"]
[WhiteElo "2409"]
[BlackElo "2549"]
[WhiteTeam "DOM"]
[BlackTeam "USA"]
[WhiteClock "0:00:09"]
[BlackClock "0:00:00"]
[Variant "Standard"]

1. e4 {[%clk 0:01:41]}  e5 {[%clk 0:02:53]} 2. Nf3 {[%clk 0:01:40]}  Nc6 {[%clk 0:02:53]} 3. Bb5 {[%clk 0:01:40]}  a6 {[%clk 0:02:53]} 4. Ba4 {[%clk 0:01:40]}  Bc5 {[%clk 0:02:51]} 5. O-O {[%clk 0:01:40]}  Nge7 {[%clk 0:02:50]} 6. c3 {[%clk 0:01:40]}  Ba7 {[%clk 0:02:50]} 7. d4 {[%clk 0:01:39]}  Ng6 {[%clk 0:02:50]} 8. d5 {[%clk 0:01:38]}  Nce7 {[%clk 0:02:49]} 9. d6 {[%clk 0:01:38]}  cxd6 {[%clk 0:02:49]} 10. Qxd6 {[%clk 0:01:38]}  b5 {[%clk 0:02:43]} 11. Bb3 {[%clk 0:01:37]}  Bb8 {[%clk 0:02:43]} 12. Qd3 {[%clk 0:01:30]}  O-O {[%clk 0:02:38]} 13. a4 {[%clk 0:01:30]}  bxa4 {[%clk 0:02:33]} 14. Rxa4 {[%clk 0:01:29]}  Bb7 {[%clk 0:02:18]} 15. Bg5 {[%clk 0:01:28]}  Kh8 {[%clk 0:02:11]} 16. Nbd2 {[%clk 0:01:24]}  f6 {[%clk 0:02:05]} 17. Be3 {[%clk 0:01:24]}  d5 {[%clk 0:02:02]} 18. exd5 {[%clk 0:01:19]}  Nxd5 {[%clk 0:01:58]} 19. Bc5 {[%clk 0:01:05]}  Rf7 {[%clk 0:01:37]} 20. g3 {[%clk 0:00:56]}  Rd7 {[%clk 0:01:36]} 21. Qf5 {[%clk 0:00:54]}  Nde7 {[%clk 0:00:46]} 22. Qh5 {[%clk 0:00:50]}  Bd6 {[%clk 0:00:29]} 23. Be3 {[%clk 0:00:38]}  Bc7 {[%clk 0:00:13]} 24. Be6 {[%clk 0:00:26]}  Rd6 {[%clk 0:00:13]} 25. Bf7 {[%clk 0:00:26]}  Bb6 {[%clk 0:00:12]} 26. Bxb6 {[%clk 0:00:23]}  Qxb6 {[%clk 0:00:12]} 27. Nh4 {[%clk 0:00:18]}  Nf8 {[%clk 0:00:06]} 28. Ne4 {[%clk 0:00:14]}  Bxe4 {[%clk 0:00:04]} 29. Rxe4 {[%clk 0:00:13]}  Qb7 {[%clk 0:00:04]} 30. Rfe1 {[%clk 0:00:12]}  Nd5 {[%clk 0:00:00]} 31. Nf5 {[%clk 0:00:09]} 1-0